[Event "Russian Championship (Rapid, Women)"]
[Site "Sochi"]
[Date "2018.10.05"]
[Round "2.6"]
[White "Shaydullina, Sandugach"]
[Black "Ambartsumova, Karina"]
[Result "0-1"]
[BlackElo "2327"]
[WhiteElo "2129"]
[LiveChessVersion "1.4.8"]

1. d4 {[%clk 0:15:19]} Nf6 {[%clk 0:15:15]} 2. Nf3 {[%clk 0:15:28]} g6
{[%clk 0:15:12]} 3. c4 {[%clk 0:15:37]} Bg7 {[%clk 0:15:11]} 4. g3
{[%clk 0:15:45]} O-O {[%clk 0:15:13]} 5. Bg2 {[%clk 0:15:54]} d6 {[%clk 0:15:12]}
6. O-O {[%clk 0:16:02]} Nc6 {[%clk 0:15:03]} 7. Nc3 {[%clk 0:16:08]} Bf5
{[%clk 0:14:45]} 8. d5 {[%clk 0:16:17]} Na5 {[%clk 0:14:48]} 9. Nd4
{[%clk 0:16:25]} Bd7 {[%clk 0:14:55]} 10. Qd3 {[%clk 0:16:33]} c5
{[%clk 0:15:00]} 11. Nc2 {[%clk 0:16:40]} a6 {[%clk 0:14:46]} 12. b3
{[%clk 0:16:39]} Rb8 {[%clk 0:14:36]} 13. Rb1 {[%clk 0:16:33]} b5
{[%clk 0:14:36]} 14. cxb5 {[%clk 0:16:23]} axb5 {[%clk 0:14:37]} 15. b4
{[%clk 0:16:32]} Nc4 {[%clk 0:12:59]} 16. f4 {[%clk 0:16:34]} Qb6
{[%clk 0:10:38]} 17. Kh1 {[%clk 0:16:36]} cxb4 {[%clk 0:09:44]} 18. Rxb4
{[%clk 0:16:44]} Ng4 {[%clk 0:09:01]} 19. Nd1 {[%clk 0:16:53]} e5
{[%clk 0:08:04]} 20. h3 {[%clk 0:16:59]} Nf6 {[%clk 0:08:06]} 21. e4
{[%clk 0:16:57]} exf4 {[%clk 0:08:01]} 22. gxf4 {[%clk 0:17:05]} Nh5
{[%clk 0:08:05]} 23. Kh2 {[%clk 0:16:38]} f5 {[%clk 0:08:03]} 24. a4
{[%clk 0:15:59]} Qc5 {[%clk 0:07:38]} 25. Nde3 {[%clk 0:14:49]} fxe4
{[%clk 0:07:31]} 26. Bxe4 {[%clk 0:14:50]} Nxf4 {[%clk 0:06:41]} 27. Rxf4
{[%clk 0:14:52]} Rxf4 {[%clk 0:06:49]} 28. Nxc4 {[%clk 0:14:09]} Rf2+
{[%clk 0:06:43]} 29. Bg2 {[%clk 0:14:18]} Rxc2 {[%clk 0:06:43]} 30. Qxc2
{[%clk 0:13:10]} Qxb4 {[%clk 0:06:51]} 31. Na3 {[%clk 0:12:41]} Be5+
{[%clk 0:06:53]} 32. Kg1 {[%clk 0:12:41]} Qe1+ {[%clk 0:06:45]} 33. Bf1
{[%clk 0:12:49]} Rc8 {[%clk 0:06:50]} 34. Bd2 {[%clk 0:12:52]} Bd4+
{[%clk 0:06:33]} 35. Kg2 {[%clk 0:12:46]} Qf2+ {[%clk 0:06:40]} 0-1

[Event "Russian Championship (Rapid, Women)"]
[Site "Sochi"]
[Date "2018.10.05"]
[Round "2.7"]
[White "Bivol, Alina"]
[Black "Semenova, Elena"]
[Result "0-1"]
[BlackElo "2147"]
[WhiteElo "2322"]
[LiveChessVersion "1.4.8"]

1. Nf3 {[%clk 0:15:18]} Nf6 {[%clk 0:15:18]} 2. g3 {[%clk 0:15:27]} d5
{[%clk 0:15:24]} 3. Bg2 {[%clk 0:15:36]} c5 {[%clk 0:15:33]} 4. O-O
{[%clk 0:15:26]} Nc6 {[%clk 0:15:42]} 5. d4 {[%clk 0:15:33]} cxd4
{[%clk 0:15:48]} 6. Nxd4 {[%clk 0:15:41]} e5 {[%clk 0:15:57]} 7. Nxc6
{[%clk 0:15:49]} bxc6 {[%clk 0:16:05]} 8. c4 {[%clk 0:15:58]} Be6
{[%clk 0:15:17]} 9. Bg5 {[%clk 0:15:35]} Rc8 {[%clk 0:15:00]} 10. cxd5
{[%clk 0:14:59]} cxd5 {[%clk 0:14:32]} 11. Nc3 {[%clk 0:12:46]} d4
{[%clk 0:11:23]} 12. Ne4 {[%clk 0:12:43]} Be7 {[%clk 0:10:15]} 13. Bxf6
{[%clk 0:12:29]} gxf6 {[%clk 0:09:26]} 14. Qa4+ {[%clk 0:11:03]} Qd7
{[%clk 0:09:17]} 15. Qa5 {[%clk 0:10:25]} h5 {[%clk 0:08:04]} 16. Rac1
{[%clk 0:10:20]} h4 {[%clk 0:06:11]} 17. Rxc8+ {[%clk 0:08:12]} Qxc8
{[%clk 0:06:20]} 18. Qd2 {[%clk 0:06:56]} Kf8 {[%clk 0:04:50]} 19. Rc1
{[%clk 0:05:44]} Qd8 {[%clk 0:04:59]} 20. b4 {[%clk 0:04:18]} Bd5
{[%clk 0:02:49]} 21. Qc2 {[%clk 0:04:00]} f5 {[%clk 0:02:13]} 22. Nc5
{[%clk 0:03:23]} Bxg2 {[%clk 0:01:52]} 23. Kxg2 {[%clk 0:03:14]} Qd5+
{[%clk 0:01:41]} 24. f3 {[%clk 0:02:57]} f4 {[%clk 0:00:37]} 25. g4
{[%clk 0:02:17]} h3+ {[%clk 0:00:45]} 26. Kf1 {[%clk 0:02:16]} Rg8
{[%clk 0:00:40]} 27. Qf5 {[%clk 0:02:20]} Kg7 {[%clk 0:00:28]} 28. Nd3
{[%clk 0:02:00]} Qxa2 {[%clk 0:00:24]} 29. Nxe5 {[%clk 0:01:34]} Qe6
{[%clk 0:00:17]} 30. Qxf4 Bf6 31. Rc5 {[%clk 0:00:59]} Re8 {[%clk 0:00:26]} 32.
Qxd4 {[%clk 0:00:20]} Bxe5 {[%clk 0:00:32]} 33. Qd2 {[%clk 0:00:29]} Bf4
{[%clk 0:00:30]} 34. Qd4+ {[%clk 0:00:33]} Kg8 {[%clk 0:00:26]} 35. Rc2
{[%clk 0:00:24]} Be3 {[%clk 0:00:32]} 36. Qd3 {[%clk 0:00:20]} Qe5
{[%clk 0:00:28]} 0-1

[Event "Russian Championship (Rapid, Women)"]
[Site "Sochi"]
[Date "2018.10.05"]
[Round "2.8"]
[White "Kabanova, Ekaterina"]
[Black "Guseva, Marina"]
[Result "1/2-1/2"]
[BlackElo "2320"]
[WhiteElo "2118"]
[LiveChessVersion "1.4.8"]

1. c4 {[%clk 0:15:17]} c6 {[%clk 0:15:19]} 2. Nf3 {[%clk 0:15:26]} d5
{[%clk 0:15:27]} 3. e3 {[%clk 0:15:34]} Nf6 {[%clk 0:15:33]} 4. b3
{[%clk 0:15:40]} Bg4 {[%clk 0:15:05]} 5. Bb2 {[%clk 0:15:48]} e6 {[%clk 0:15:13]}
6. Be2 {[%clk 0:15:51]} Nbd7 {[%clk 0:15:21]} 7. O-O {[%clk 0:15:47]} h6
{[%clk 0:14:55]} 8. Re1 {[%clk 0:15:43]} Bd6 {[%clk 0:14:29]} 9. h3
{[%clk 0:15:51]} Bf5 {[%clk 0:14:30]} 10. d3 {[%clk 0:15:34]} Qc7
{[%clk 0:12:52]} 11. cxd5 {[%clk 0:14:55]} cxd5 {[%clk 0:11:52]} 12. Nc3
{[%clk 0:14:50]} a6 {[%clk 0:10:08]} 13. Rc1 {[%clk 0:14:52]} Qb8
{[%clk 0:10:10]} 14. e4 {[%clk 0:13:45]} dxe4 {[%clk 0:10:17]} 15. dxe4
{[%clk 0:13:54]} Bh7 {[%clk 0:10:25]} 16. e5 {[%clk 0:11:58]} Nxe5
{[%clk 0:10:04]} 17. Nxe5 {[%clk 0:11:27]} Bxe5 {[%clk 0:10:12]} 18. Ba3
{[%clk 0:10:07]} Qd8 {[%clk 0:03:33]} 19. Bf3 {[%clk 0:08:14]} Bxc3
{[%clk 0:03:39]} 20. Bxb7 {[%clk 0:07:00]} Bxe1 {[%clk 0:03:29]} 21. Bc6+
{[%clk 0:06:53]} Nd7 {[%clk 0:03:37]} 22. Bxa8 {[%clk 0:06:48]} Bxf2+
{[%clk 0:01:46]} 23. Kxf2 {[%clk 0:06:53]} Ne5 {[%clk 0:01:44]} 24. Qxd8+
{[%clk 0:05:56]} Kxd8 {[%clk 0:01:53]} 25. Ke3 {[%clk 0:04:59]} Kd7
{[%clk 0:01:08]} 26. Bb7 {[%clk 0:05:04]} a5 {[%clk 0:01:11]} 27. Ba6
{[%clk 0:04:18]} Rb8 {[%clk 0:00:56]} 28. Rd1+ {[%clk 0:03:39]} Ke8
{[%clk 0:00:54]} 29. Bd6 {[%clk 0:02:57]} Rb6 {[%clk 0:00:57]} 30. Be2
{[%clk 0:02:09]} Nc6 {[%clk 0:00:46]} 31. Kf2 {[%clk 0:00:54]} Be4
{[%clk 0:00:36]} 32. Bc5 {[%clk 0:00:42]} Rb7 {[%clk 0:00:23]} 33. g4
{[%clk 0:00:32]} Bd5 {[%clk 0:00:27]} 34. h4 {[%clk 0:00:37]} f6 {[%clk 0:00:29]}
35. g5 {[%clk 0:00:46]} hxg5 {[%clk 0:00:37]} 36. hxg5 {[%clk 0:00:56]} fxg5
{[%clk 0:00:36]} 37. Bh5+ {[%clk 0:01:02]} Kd7 {[%clk 0:00:43]} 38. Kg3
{[%clk 0:01:09]} Nb4 {[%clk 0:00:44]} 39. Rf1 {[%clk 0:01:16]} Kc6
{[%clk 0:00:52]} 40. Bf8 {[%clk 0:01:20]} Nxa2 {[%clk 0:00:57]} 41. Be8+
{[%clk 0:01:25]} Kb6 {[%clk 0:01:03]} 42. Kg4 {[%clk 0:00:50]} Nb4
{[%clk 0:00:51]} 43. Ba4 {[%clk 0:00:56]} Bc6 {[%clk 0:00:54]} 44. Kxg5
{[%clk 0:00:26]} Bxa4 {[%clk 0:01:01]} 45. bxa4 {[%clk 0:00:36]} Nd5
{[%clk 0:01:09]} 46. Kg6 {[%clk 0:00:31]} Kc6 {[%clk 0:00:55]} 47. Rc1+
{[%clk 0:00:28]} Kb6 {[%clk 0:01:00]} 48. Bxg7 {[%clk 0:00:21]} Nf4+
{[%clk 0:00:56]} 49. Kh6 {[%clk 0:00:29]} Nd3 {[%clk 0:01:03]} 50. Bd4+
{[%clk 0:00:38]} Nc5 {[%clk 0:01:00]} 51. Rxc5 {[%clk 0:00:43]} Rd7
{[%clk 0:01:07]} 52. Rb5+ {[%clk 0:00:48]} Kc6 {[%clk 0:01:13]} 53. Be3
{[%clk 0:00:32]} Rd3 {[%clk 0:01:17]} 54. Bf4 {[%clk 0:00:23]} Rd4
{[%clk 0:01:20]} 55. Kg5 {[%clk 0:00:16]} Rxa4 {[%clk 0:01:27]} 56. Rb1
{[%clk 0:00:25]} Re4 {[%clk 0:01:31]} 57. Bd2 {[%clk 0:00:27]} a4
{[%clk 0:01:38]} 58. Kf6 {[%clk 0:00:30]} Kd5 1/2-1/2

[Event "Russian Championship (Rapid, Women)"]
[Site "Sochi"]
[Date "2018.10.05"]
[Round "2.9"]
[White "Kovanova, Baira"]
[Black "Smirnova, Ekaterina"]
[Result "1/2-1/2"]
[BlackElo "2135"]
[WhiteElo "2317"]
[LiveChessVersion "1.4.8"]

1. c4 {[%clk 0:15:19]} c6 {[%clk 0:15:19]} 2. Nf3 {[%clk 0:15:16]} Nf6
{[%clk 0:15:28]} 3. Nc3 {[%clk 0:15:25]} d5 {[%clk 0:15:36]} 4. e3
{[%clk 0:15:33]} Bg4 {[%clk 0:15:17]} 5. h3 {[%clk 0:15:15]} Bxf3
{[%clk 0:14:32]} 6. Qxf3 {[%clk 0:15:19]} e6 {[%clk 0:14:41]} 7. Be2
{[%clk 0:14:25]} Nbd7 {[%clk 0:14:41]} 8. d4 {[%clk 0:14:03]} Bd6
{[%clk 0:14:45]} 9. O-O {[%clk 0:13:32]} O-O {[%clk 0:14:51]} 10. e4
{[%clk 0:12:48]} dxe4 {[%clk 0:14:40]} 11. Nxe4 {[%clk 0:12:56]} Nxe4
{[%clk 0:14:47]} 12. Qxe4 {[%clk 0:13:05]} Nf6 {[%clk 0:14:56]} 13. Qf3
{[%clk 0:12:52]} e5 {[%clk 0:14:03]} 14. d5 {[%clk 0:10:37]} cxd5
{[%clk 0:13:41]} 15. cxd5 {[%clk 0:10:45]} e4 {[%clk 0:13:49]} 16. Qb3
{[%clk 0:10:54]} Qe7 {[%clk 0:13:07]} 17. g3 {[%clk 0:09:42]} b6 {[%clk 0:12:14]}
18. Be3 {[%clk 0:09:21]} Nd7 {[%clk 0:12:11]} 19. Rac1 {[%clk 0:09:05]} Ne5
{[%clk 0:11:56]} 20. Kg2 {[%clk 0:08:46]} f5 {[%clk 0:11:55]} 21. Bf4
{[%clk 0:07:42]} g5 {[%clk 0:11:51]} 22. Bxe5 {[%clk 0:07:44]} Qxe5
{[%clk 0:11:59]} 23. Qc3 {[%clk 0:07:32]} Qxc3 24. Rxc3 1/2-1/2

[Event "Russian Championship (Rapid, Women)"]
[Site "Sochi"]
[Date "2018.10.05"]
[Round "2.10"]
[White "Tomashevskaya, Lidia"]
[Black "Tomilova, Elena"]
[Result "1-0"]
[BlackElo "2275"]
[WhiteElo "2107"]
[LiveChessVersion "1.4.8"]

1. e4 {[%clk 0:15:18]} e6 {[%clk 0:15:19]} 2. d4 {[%clk 0:15:27]} d5
{[%clk 0:15:28]} 3. Nd2 {[%clk 0:15:19]} Nc6 {[%clk 0:15:35]} 4. Ngf3
{[%clk 0:14:50]} Nf6 {[%clk 0:15:43]} 5. e5 {[%clk 0:14:42]} Nd7 {[%clk 0:15:51]}
6. c3 {[%clk 0:14:43]} f6 {[%clk 0:15:58]} 7. exf6 {[%clk 0:14:43]} Qxf6
{[%clk 0:16:04]} 8. Bb5 {[%clk 0:13:33]} Bd6 {[%clk 0:15:58]} 9. Nf1
{[%clk 0:12:53]} O-O {[%clk 0:15:49]} 10. Bg5 {[%clk 0:12:52]} Qf7
{[%clk 0:15:38]} 11. Ne3 {[%clk 0:10:44]} a6 {[%clk 0:14:19]} 12. Ba4
{[%clk 0:08:34]} e5 {[%clk 0:11:56]} 13. Nxd5 {[%clk 0:05:48]} e4
{[%clk 0:11:05]} 14. Nf6+ {[%clk 0:05:48]} Kh8 {[%clk 0:09:43]} 15. Nxe4
{[%clk 0:05:43]} Re8 {[%clk 0:08:20]} 16. Bc2 {[%clk 0:04:48]} Nf8
{[%clk 0:04:30]} 17. O-O {[%clk 0:04:25]} Bg4 {[%clk 0:04:23]} 18. Nxd6
{[%clk 0:04:30]} cxd6 {[%clk 0:04:31]} 19. Qd3 {[%clk 0:04:35]} Bxf3
{[%clk 0:03:50]} 20. Qxf3 {[%clk 0:04:00]} Qxf3 {[%clk 0:03:58]} 21. gxf3
{[%clk 0:04:09]} Ne6 {[%clk 0:03:45]} 22. Be3 {[%clk 0:04:04]} Na5
{[%clk 0:03:45]} 23. d5 {[%clk 0:03:51]} Nf8 {[%clk 0:03:33]} 24. b3
{[%clk 0:03:07]} Rac8 {[%clk 0:03:30]} 25. Bb6 {[%clk 0:01:25]} Rxc3
{[%clk 0:03:33]} 26. Bd1 {[%clk 0:01:34]} Nc6 {[%clk 0:03:04]} 27. dxc6
{[%clk 0:01:42]} bxc6 {[%clk 0:03:13]} 28. Ba5 {[%clk 0:01:15]} Rc5
{[%clk 0:03:08]} 29. Bb4 {[%clk 0:01:22]} Rg5+ {[%clk 0:03:13]} 30. Kh1
{[%clk 0:01:30]} c5 {[%clk 0:03:18]} 31. Bd2 {[%clk 0:01:32]} Rd5
{[%clk 0:03:16]} 32. Be3 {[%clk 0:01:39]} Ne6 {[%clk 0:02:59]} 33. Bc2
{[%clk 0:01:48]} Rh5 {[%clk 0:02:57]} 34. Bd3 {[%clk 0:01:29]} a5
{[%clk 0:03:00]} 35. Rac1 {[%clk 0:01:36]} Rf8 {[%clk 0:02:56]} 36. Be2
{[%clk 0:01:21]} Rf6 {[%clk 0:01:26]} 37. f4 {[%clk 0:01:01]} Rh4
{[%clk 0:01:27]} 38. Rfd1 {[%clk 0:00:40]} Rfh6 {[%clk 0:01:06]} 39. Rxd6
{[%clk 0:00:28]} Rxh2+ {[%clk 0:01:14]} 40. Kg1 {[%clk 0:00:37]} Rh1+
{[%clk 0:01:13]} 41. Kg2 {[%clk 0:00:46]} R1h2+ {[%clk 0:00:58]} 42. Kg3
{[%clk 0:00:38]} R2h3+ {[%clk 0:00:42]} 43. Kg2 {[%clk 0:00:47]} Rh2+
{[%clk 0:00:51]} 44. Kf3 {[%clk 0:00:51]} R2h3+ {[%clk 0:00:47]} 45. Ke4
{[%clk 0:01:00]} Ng5+ {[%clk 0:00:49]} 46. fxg5 {[%clk 0:01:01]} Rxd6
{[%clk 0:00:58]} 47. Rxc5 {[%clk 0:01:07]} Re6+ {[%clk 0:00:58]} 48. Kf5
{[%clk 0:01:03]} Re8 {[%clk 0:01:00]} 49. Kg4 {[%clk 0:01:05]} Rh1
{[%clk 0:01:02]} 50. Rxa5 {[%clk 0:01:13]} h5+ {[%clk 0:00:56]} 51. gxh6
{[%clk 0:01:19]} gxh6 {[%clk 0:01:05]} 52. Bd4+ {[%clk 0:01:21]} Kg8
{[%clk 0:01:08]} 53. Bc4+ {[%clk 0:01:24]} Kf8 {[%clk 0:01:11]} 54. Bc5+
{[%clk 0:01:27]} Kg7 {[%clk 0:01:17]} 55. Ra7+ {[%clk 0:01:37]} Kf6
{[%clk 0:01:15]} 56. Bd4+ {[%clk 0:01:45]} 1-0

[Event "Russian Championship (Rapid, Women)"]
[Site "Sochi"]
[Date "2018.10.05"]
[Round "2.11"]
[White "Sukhareva, Evgeniya"]
[Black "Sirotkina, Nina"]
[Result "1-0"]
[BlackElo "2121"]
[WhiteElo "2258"]
[LiveChessVersion "1.4.8"]

1. d4 {[%clk 0:15:19]} Nf6 {[%clk 0:15:14]} 2. c4 {[%clk 0:15:27]} e6
{[%clk 0:15:10]} 3. Nc3 {[%clk 0:15:35]} Bb4 {[%clk 0:14:43]} 4. Qc2
{[%clk 0:15:43]} b6 {[%clk 0:14:04]} 5. e4 {[%clk 0:15:37]} O-O {[%clk 0:13:15]}
6. e5 {[%clk 0:15:36]} Ne8 {[%clk 0:12:53]} 7. Bd3 {[%clk 0:15:37]} f5
{[%clk 0:12:30]} 8. exf6 {[%clk 0:15:33]} Nxf6 {[%clk 0:12:17]} 9. Bg5
{[%clk 0:15:30]} h6 {[%clk 0:11:27]} 10. Bh4 {[%clk 0:15:37]} Bb7
{[%clk 0:11:16]} 11. f3 {[%clk 0:15:05]} Nc6 {[%clk 0:09:44]} 12. Nge2
{[%clk 0:15:12]} Ne7 {[%clk 0:08:50]} 13. a3 {[%clk 0:14:28]} Bxc3+
{[%clk 0:06:56]} 14. Qxc3 {[%clk 0:14:35]} Nf5 {[%clk 0:06:32]} 15. Bf2
{[%clk 0:14:42]} d6 {[%clk 0:05:34]} 16. O-O-O {[%clk 0:13:59]} Qd7
{[%clk 0:04:34]} 17. Bc2 {[%clk 0:13:56]} Rae8 {[%clk 0:04:26]} 18. g4
{[%clk 0:13:40]} Bxf3 {[%clk 0:04:15]} 19. Qxf3 {[%clk 0:13:39]} Ne7
{[%clk 0:04:07]} 20. Qd3 {[%clk 0:13:38]} d5 {[%clk 0:04:04]} 21. cxd5
{[%clk 0:11:21]} exd5 {[%clk 0:04:11]} 22. Bh4 {[%clk 0:10:54]} Ne4
{[%clk 0:04:16]} 23. Rhg1 {[%clk 0:10:19]} Ng6 {[%clk 0:04:07]} 24. Be1
{[%clk 0:09:38]} Rf6 {[%clk 0:03:49]} 25. Qb3 {[%clk 0:08:50]} Nf2
{[%clk 0:02:56]} 26. Bxf2 {[%clk 0:07:34]} Rxe2 {[%clk 0:02:32]} 27. Bg3
{[%clk 0:07:18]} Rc6 {[%clk 0:01:44]} 28. Rd2 {[%clk 0:07:26]} Rxd2
{[%clk 0:01:06]} 29. Kxd2 {[%clk 0:07:34]} Kh8 {[%clk 0:01:10]} 30. Qd3
{[%clk 0:05:50]} Rf6 {[%clk 0:00:52]} 31. h3 {[%clk 0:05:17]} c5 {[%clk 0:00:50]}
32. Be5 {[%clk 0:04:45]} c4 {[%clk 0:00:52]} 33. Qg3 {[%clk 0:04:06]} Nxe5
{[%clk 0:00:48]} 34. Qxe5 {[%clk 0:03:26]} Rf2+ {[%clk 0:00:34]} 35. Kc1
{[%clk 0:03:29]} Kg8 {[%clk 0:00:27]} 36. Bf5 {[%clk 0:03:19]} Qb5
{[%clk 0:00:27]} 37. Qe6+ {[%clk 0:01:21]} Kf8 {[%clk 0:00:26]} 38. Qd6+
{[%clk 0:01:07]} Kg8 {[%clk 0:00:25]} 39. Qd8+ {[%clk 0:00:50]} Kf7
{[%clk 0:00:34]} 40. Qd7+ {[%clk 0:00:51]} Qxd7 {[%clk 0:00:40]} 41. Bxd7
{[%clk 0:01:00]} Ke7 {[%clk 0:00:41]} 42. Bf5 {[%clk 0:01:05]} Rf3
{[%clk 0:00:42]} 43. Re1+ {[%clk 0:01:10]} Kd6 {[%clk 0:00:46]} 44. Re6+
{[%clk 0:01:11]} Kc7 {[%clk 0:00:46]} 45. Re7+ {[%clk 0:01:19]} Kc6
{[%clk 0:00:52]} 46. Rxg7 {[%clk 0:00:58]} Rxh3 {[%clk 0:00:48]} 47. Rg6+
{[%clk 0:01:00]} Kb5 {[%clk 0:00:45]} 48. Bd7+ {[%clk 0:01:01]} Ka5
{[%clk 0:00:54]} 49. Rd6 {[%clk 0:01:04]} b5 {[%clk 0:00:52]} 50. Rxd5
{[%clk 0:01:12]} a6 {[%clk 0:01:02]} 51. Rc5 {[%clk 0:01:01]} Ka4
{[%clk 0:01:05]} 52. Rxc4+ {[%clk 0:01:07]} Kb3 {[%clk 0:01:12]} 53. Rc3+
{[%clk 0:00:36]} 1-0

[Event "Russian Championship (Rapid, Women)"]
[Site "Sochi"]
[Date "2018.10.05"]
[Round "2.12"]
[White "Lysenko, Margarita"]
[Black "Dordzhieva, Dinara"]
[Result "0-1"]
[BlackElo "2248"]
[WhiteElo "2099"]
[LiveChessVersion "1.4.8"]

1. Nf3 {[%clk 0:15:14]} d5 {[%clk 0:15:19]} 2. g3 {[%clk 0:15:19]} g6
{[%clk 0:15:06]} 3. Bg2 {[%clk 0:15:20]} Bg7 {[%clk 0:15:16]} 4. O-O
{[%clk 0:15:20]} e5 {[%clk 0:15:25]} 5. d3 {[%clk 0:14:58]} Ne7 {[%clk 0:14:27]}
6. Nbd2 {[%clk 0:12:49]} O-O {[%clk 0:14:31]} 7. c4 {[%clk 0:12:48]} d4
{[%clk 0:14:11]} 8. b4 {[%clk 0:10:46]} a5 {[%clk 0:14:16]} 9. b5
{[%clk 0:10:32]} Nd7 {[%clk 0:13:00]} 10. a4 {[%clk 0:10:17]} Rb8
{[%clk 0:13:04]} 11. Ba3 {[%clk 0:09:47]} b6 {[%clk 0:13:04]} 12. Rc1
{[%clk 0:09:31]} Re8 {[%clk 0:12:45]} 13. Nb3 {[%clk 0:06:16]} Bb7
{[%clk 0:12:35]} 14. c5 {[%clk 0:05:24]} Bd5 {[%clk 0:12:43]} 15. Nbd2
{[%clk 0:04:44]} c6 {[%clk 0:10:02]} 16. cxb6 {[%clk 0:03:45]} cxb5
{[%clk 0:10:08]} 17. axb5 {[%clk 0:03:50]} Nxb6 {[%clk 0:10:16]} 18. Nc4
{[%clk 0:03:19]} e4 {[%clk 0:09:33]} 19. Nxb6 {[%clk 0:02:44]} Qxb6
{[%clk 0:07:19]} 20. dxe4 {[%clk 0:02:45]} Bxe4 {[%clk 0:07:28]} 21. Bc5
{[%clk 0:02:40]} Qb7 {[%clk 0:06:12]} 22. b6 {[%clk 0:01:18]} Rbd8
{[%clk 0:06:15]} 23. Nh4 {[%clk 0:00:29]} Bxg2 {[%clk 0:05:21]} 24. Nxg2
{[%clk 0:00:37]} Nd5 {[%clk 0:05:31]} 25. Qd3 {[%clk 0:00:13]} Nc3
{[%clk 0:03:57]} 26. Rc2 {[%clk 0:00:20]} Qd5 {[%clk 0:03:45]} 27. Ba3
{[%clk 0:00:14]} Qb3 {[%clk 0:03:54]} 28. Rxc3 {[%clk 0:00:12]} dxc3
{[%clk 0:03:55]} 29. Qa6 {[%clk 0:00:17]} Qxa3 {[%clk 0:03:53]} 30. Nf4
{[%clk 0:00:24]} c2 {[%clk 0:03:53]} 0-1

[Event "Russian Championship (Rapid, Women)"]
[Site "Sochi"]
[Date "2018.10.05"]
[Round "3.1"]
[White "Ruchieva, Natalia"]
[Black "Voit, Daria"]
[Result "0-1"]
[BlackElo "2355"]
[WhiteElo "2202"]
[LiveChessVersion "1.4.8"]

1. e4 {[%clk 0:15:17]} c5 {[%clk 0:15:18]} 2. c3 {[%clk 0:15:23]} d5
{[%clk 0:15:19]} 3. exd5 {[%clk 0:15:31]} Qxd5 {[%clk 0:15:28]} 4. Nf3
{[%clk 0:15:28]} Nf6 {[%clk 0:15:34]} 5. d4 {[%clk 0:15:27]} e6 {[%clk 0:15:37]}
6. Be3 {[%clk 0:15:11]} cxd4 {[%clk 0:15:41]} 7. Qxd4 {[%clk 0:13:02]} Nc6
{[%clk 0:15:28]} 8. Qxd5 {[%clk 0:12:31]} Nxd5 {[%clk 0:15:35]} 9. Bd4
{[%clk 0:11:41]} Nxd4 {[%clk 0:15:28]} 10. Nxd4 {[%clk 0:11:48]} Bc5
{[%clk 0:15:32]} 11. Bb5+ {[%clk 0:11:36]} Ke7 {[%clk 0:15:40]} 12. Nb3
{[%clk 0:11:31]} Bb6 {[%clk 0:15:42]} 13. N1d2 {[%clk 0:10:59]} a6
{[%clk 0:15:45]} 14. Bc4 {[%clk 0:10:51]} Nf4 {[%clk 0:15:38]} 15. O-O
{[%clk 0:09:48]} Bd7 {[%clk 0:15:06]} 16. g3 {[%clk 0:08:45]} Ng6
{[%clk 0:15:06]} 17. Nf3 {[%clk 0:08:31]} Rac8 {[%clk 0:15:11]} 18. Bd3
{[%clk 0:08:26]} Bc6 {[%clk 0:15:17]} 19. Nfd4 {[%clk 0:08:03]} Bd5
{[%clk 0:15:21]} 20. Rfe1 {[%clk 0:08:09]} Rhd8 {[%clk 0:15:18]} 21. Bf1
{[%clk 0:07:51]} Kf6 {[%clk 0:14:57]} 22. Bg2 {[%clk 0:07:52]} Ne5
{[%clk 0:14:58]} 23. Bxd5 {[%clk 0:07:29]} Rxd5 {[%clk 0:15:04]} 24. f4
{[%clk 0:06:51]} Nf3+ {[%clk 0:15:01]} 25. Kg2 {[%clk 0:06:59]} Nxe1+
{[%clk 0:14:23]} 26. Rxe1 {[%clk 0:07:07]} Bxd4 {[%clk 0:13:29]} 27. Nxd4
{[%clk 0:07:10]} Rxd4 {[%clk 0:13:37]} 28. cxd4 {[%clk 0:07:15]} Rc2+
{[%clk 0:13:45]} 29. Kh3 {[%clk 0:06:00]} Rxb2 {[%clk 0:13:51]} 30. a3
{[%clk 0:05:27]} Rb3 {[%clk 0:13:43]} 31. Ra1 {[%clk 0:05:19]} Kf5
{[%clk 0:13:44]} 32. a4 {[%clk 0:05:12]} Rb4 {[%clk 0:13:03]} 33. Rc1
{[%clk 0:04:38]} Rxa4 {[%clk 0:12:34]} 34. Rc7 {[%clk 0:04:23]} b5
{[%clk 0:12:32]} 35. Rxf7+ {[%clk 0:04:11]} Kg6 {[%clk 0:12:41]} 36. Rd7
{[%clk 0:04:12]} a5 37. d5 {[%clk 0:03:53]} exd5 {[%clk 0:11:26]} 38. Rxd5
{[%clk 0:03:11]} Rb4 {[%clk 0:11:32]} 39. Rd6+ {[%clk 0:03:05]} Kf5
{[%clk 0:11:27]} 40. Rd7 {[%clk 0:03:07]} Kf6 {[%clk 0:11:35]} 41. Rd6+
{[%clk 0:03:12]} Ke7 {[%clk 0:11:41]} 42. Ra6 {[%clk 0:03:21]} a4
{[%clk 0:11:50]} 43. Ra7+ {[%clk 0:03:30]} Kf6 {[%clk 0:11:58]} 44. Ra6+
{[%clk 0:03:39]} Kf5 {[%clk 0:12:02]} 45. Ra7 {[%clk 0:03:47]} g6
{[%clk 0:12:03]} 46. Rf7+ {[%clk 0:03:39]} Ke6 {[%clk 0:12:10]} 47. Rxh7
{[%clk 0:03:47]} a3 {[%clk 0:12:18]} 48. Ra7 {[%clk 0:03:42]} Ra4
{[%clk 0:12:26]} 49. Rb7 {[%clk 0:03:45]} a2 {[%clk 0:12:28]} 0-1